| 000 | 00392nam a2200133Ia 4500 | ||
|---|---|---|---|
| 008 | 211109s9999||||xx |||||||||||||| ||und|| | ||
| 082 |
_a894.8123 _bPAR-V |
||
| 100 | _aParapurathu, | ||
| 245 | 0 | _aVelicham Kuranja Vazhikal | |
| 260 |
_bNational Book Stall _aKottayam _c1968 |
||
| 630 | _xGeneral Stack | ||
| 650 |
_aMalayalam Literature _vMalayalam FictionLiterature _xGeneralia |
||
| 942 | _cBOOK | ||
| 999 |
_c32166 _d32166 |
||